Chads of History - Statistics

General Stats
  • This quiz has been taken 25 times
  • The average score is 9 of 15
Answer Stats
Hint Answer % Correct
This man once ruled 16% of the Earth's surface and 25% of the population. Genghis Khan
92%
This man walked across the Sea of Galilee and has part of multiple famous books about him. Jesus Christ
92%
This man stood up to the Catholic Church and published the book, Ninety-Five Theses. Martin Luther
92%
This man lead the civil rights movement across the US and the whole world. Martin Luther King Jr
83%
This British king attracted 6 wives. King Henry VIII
83%
He was the first to attain Nirvana under the Bodhi tree. Has many statues of him. The Buddha
79%
This man single-handedly kept the country of Yugoslavia together for 35 years. Josip Broz Tito
75%
Born in 1431, this man got his nickname from killing around 40,000 to 100,000 people. Vlad the Impaler
71%
This is the richest man of all time, having a net worth of around 400 billion USD. Mansa Musa
58%
This US president got shot halfway during his speech and finished it. Theodore Roosevelt
58%
This man went undefeated in battle, winning over 20 and losing none. Alexander the Great
54%
This famous basketball player claimed to have had intimate relationships with over 20,000 women. Wilt Chamberlain
33%
This man lead the first successful slave rebellion. Toussaint Louverture
29%
Upon reading his death sentence he said "I see that you have made three spelling mistakes." He got his head cut off after. French aristocrat. Marquis de Favras
4%
This man wrote the first diss track ever, Yankee Doodle Dandee. George M. Cohan
0%
No matching quizzes found
Score Distribution
Percent of People with Each Score
Percentile by Number Answered
Your Score History
You have not taken this quiz